<?xml version="1.0" encoding="UTF-8"?>
<record
    xmlns:xsi="http://www.w3.org/2001/XMLSchema-instance"
    xsi:schemaLocation="http://www.loc.gov/MARC21/slim http://www.loc.gov/standards/marcxml/schema/MARC21slim.xsd"
    xmlns="http://www.loc.gov/MARC21/slim">

  <leader>00499nam a22001817a 4500</leader>
  <controlfield tag="005">20201207120810.0</controlfield>
  <controlfield tag="008">201207b           ||||| |||| 00| 0 eng d</controlfield>
  <datafield tag="040" ind1=" " ind2=" ">
    <subfield code="c">OCLC</subfield>
  </datafield>
  <datafield tag="082" ind1=" " ind2=" ">
    <subfield code="a">320.954</subfield>
    <subfield code="b">NAY</subfield>
  </datafield>
  <datafield tag="100" ind1=" " ind2=" ">
    <subfield code="a">Nayak, Pratul Ch.</subfield>
    <subfield code="e">Author</subfield>
  </datafield>
  <datafield tag="245" ind1=" " ind2=" ">
    <subfield code="a">Bharatar Sangbidhanik Sarkar Aru Ganantra</subfield>
  </datafield>
  <datafield tag="250" ind1=" " ind2=" ">
    <subfield code="a">20th</subfield>
  </datafield>
  <datafield tag="260" ind1=" " ind2=" ">
    <subfield code="a">Guwahati</subfield>
    <subfield code="b">Arun Prakashan</subfield>
    <subfield code="c">Aug 2019</subfield>
  </datafield>
  <datafield tag="300" ind1=" " ind2=" ">
    <subfield code="a">288 p;</subfield>
    <subfield code="c">21cm</subfield>
  </datafield>
  <datafield tag="700" ind1="1" ind2=" ">
    <subfield code="a">Pal, Dr. Kripesh Ch.</subfield>
    <subfield code="e">Author</subfield>
  </datafield>
  <datafield tag="700" ind1="1" ind2=" ">
    <subfield code="a">Sharma, Subhasish</subfield>
    <subfield code="e">Author</subfield>
  </datafield>
  <datafield tag="942" ind1=" " ind2=" ">
    <subfield code="2">ddc</subfield>
    <subfield code="c">BK</subfield>
  </datafield>
  <datafield tag="999" ind1=" " ind2=" ">
    <subfield code="c">24512</subfield>
    <subfield code="d">24512</subfield>
  </datafield>
  <datafield tag="952" ind1=" " ind2=" ">
    <subfield code="0">0</subfield>
    <subfield code="1">0</subfield>
    <subfield code="2">ddc</subfield>
    <subfield code="4">0</subfield>
    <subfield code="7">0</subfield>
    <subfield code="8">TBPSC</subfield>
    <subfield code="a">MAIN</subfield>
    <subfield code="b">MAIN</subfield>
    <subfield code="c">PS#</subfield>
    <subfield code="d">2019-08-13</subfield>
    <subfield code="l">3</subfield>
    <subfield code="o">320.954 NAY</subfield>
    <subfield code="p">43509</subfield>
    <subfield code="r">2026-03-24 08:39:29</subfield>
    <subfield code="s">2026-03-11</subfield>
    <subfield code="t">1</subfield>
    <subfield code="w">2020-12-07</subfield>
    <subfield code="y">BK</subfield>
    <subfield code="z">V</subfield>
  </datafield>
  <datafield tag="952" ind1=" " ind2=" ">
    <subfield code="0">0</subfield>
    <subfield code="1">0</subfield>
    <subfield code="2">ddc</subfield>
    <subfield code="4">0</subfield>
    <subfield code="7">0</subfield>
    <subfield code="8">TBPSC</subfield>
    <subfield code="a">MAIN</subfield>
    <subfield code="b">MAIN</subfield>
    <subfield code="c">PS#</subfield>
    <subfield code="d">2019-08-13</subfield>
    <subfield code="l">8</subfield>
    <subfield code="o">320.954 NAY</subfield>
    <subfield code="p">43510</subfield>
    <subfield code="r">2026-04-24 09:27:53</subfield>
    <subfield code="s">2026-04-23</subfield>
    <subfield code="t">2</subfield>
    <subfield code="w">2020-12-07</subfield>
    <subfield code="y">BK</subfield>
    <subfield code="z">V</subfield>
  </datafield>
  <datafield tag="952" ind1=" " ind2=" ">
    <subfield code="0">0</subfield>
    <subfield code="1">0</subfield>
    <subfield code="2">ddc</subfield>
    <subfield code="4">0</subfield>
    <subfield code="7">0</subfield>
    <subfield code="8">TBPSC</subfield>
    <subfield code="a">MAIN</subfield>
    <subfield code="b">MAIN</subfield>
    <subfield code="c">PS#</subfield>
    <subfield code="d">2019-08-13</subfield>
    <subfield code="l">8</subfield>
    <subfield code="o">320.954 NAY</subfield>
    <subfield code="p">43511</subfield>
    <subfield code="q">2026-06-01</subfield>
    <subfield code="r">2026-05-18 14:58:44</subfield>
    <subfield code="s">2026-05-18</subfield>
    <subfield code="t">3</subfield>
    <subfield code="w">2020-12-07</subfield>
    <subfield code="y">BK</subfield>
    <subfield code="z">V</subfield>
  </datafield>
  <datafield tag="952" ind1=" " ind2=" ">
    <subfield code="0">0</subfield>
    <subfield code="1">0</subfield>
    <subfield code="2">ddc</subfield>
    <subfield code="4">0</subfield>
    <subfield code="7">0</subfield>
    <subfield code="8">TBPSC</subfield>
    <subfield code="a">MAIN</subfield>
    <subfield code="b">MAIN</subfield>
    <subfield code="c">PS#</subfield>
    <subfield code="d">2019-08-13</subfield>
    <subfield code="l">12</subfield>
    <subfield code="m">1</subfield>
    <subfield code="o">320.954 NAY</subfield>
    <subfield code="p">43512</subfield>
    <subfield code="r">2026-02-25 07:38:13</subfield>
    <subfield code="s">2026-02-13</subfield>
    <subfield code="t">4</subfield>
    <subfield code="w">2020-12-07</subfield>
    <subfield code="y">BK</subfield>
    <subfield code="z">V</subfield>
  </datafield>
  <datafield tag="952" ind1=" " ind2=" ">
    <subfield code="0">0</subfield>
    <subfield code="1">0</subfield>
    <subfield code="2">ddc</subfield>
    <subfield code="4">0</subfield>
    <subfield code="7">0</subfield>
    <subfield code="8">TBPSC</subfield>
    <subfield code="a">MAIN</subfield>
    <subfield code="b">MAIN</subfield>
    <subfield code="c">PS#</subfield>
    <subfield code="d">2019-08-13</subfield>
    <subfield code="l">11</subfield>
    <subfield code="o">320.954 NAY</subfield>
    <subfield code="p">43513</subfield>
    <subfield code="r">2026-02-04 06:49:26</subfield>
    <subfield code="s">2026-01-21</subfield>
    <subfield code="t">5</subfield>
    <subfield code="w">2020-12-07</subfield>
    <subfield code="y">BK</subfield>
    <subfield code="z">V</subfield>
  </datafield>
  <datafield tag="952" ind1=" " ind2=" ">
    <subfield code="0">0</subfield>
    <subfield code="1">0</subfield>
    <subfield code="2">ddc</subfield>
    <subfield code="4">0</subfield>
    <subfield code="7">0</subfield>
    <subfield code="8">TBPSC</subfield>
    <subfield code="a">MAIN</subfield>
    <subfield code="b">MAIN</subfield>
    <subfield code="c">PS#</subfield>
    <subfield code="d">2019-08-13</subfield>
    <subfield code="l">6</subfield>
    <subfield code="m">1</subfield>
    <subfield code="o">320.954 NAY</subfield>
    <subfield code="p">43514</subfield>
    <subfield code="r">2026-04-20 09:05:54</subfield>
    <subfield code="s">2026-03-31</subfield>
    <subfield code="t">6</subfield>
    <subfield code="w">2020-12-07</subfield>
    <subfield code="y">BK</subfield>
    <subfield code="z">V</subfield>
  </datafield>
  <datafield tag="952" ind1=" " ind2=" ">
    <subfield code="0">0</subfield>
    <subfield code="1">0</subfield>
    <subfield code="2">ddc</subfield>
    <subfield code="4">0</subfield>
    <subfield code="7">0</subfield>
    <subfield code="8">TBPSC</subfield>
    <subfield code="a">MAIN</subfield>
    <subfield code="b">MAIN</subfield>
    <subfield code="c">PS#</subfield>
    <subfield code="d">2019-08-13</subfield>
    <subfield code="l">13</subfield>
    <subfield code="o">320.954 NAY</subfield>
    <subfield code="p">43515</subfield>
    <subfield code="q">2026-06-16</subfield>
    <subfield code="r">2026-06-02 13:43:21</subfield>
    <subfield code="s">2026-06-02</subfield>
    <subfield code="t">7</subfield>
    <subfield code="w">2020-12-07</subfield>
    <subfield code="y">BK</subfield>
    <subfield code="z">V</subfield>
  </datafield>
  <datafield tag="952" ind1=" " ind2=" ">
    <subfield code="0">0</subfield>
    <subfield code="1">0</subfield>
    <subfield code="2">ddc</subfield>
    <subfield code="4">0</subfield>
    <subfield code="7">0</subfield>
    <subfield code="8">TBPSC</subfield>
    <subfield code="a">MAIN</subfield>
    <subfield code="b">MAIN</subfield>
    <subfield code="c">PS#</subfield>
    <subfield code="d">2019-08-13</subfield>
    <subfield code="l">8</subfield>
    <subfield code="o">320.954 NAY</subfield>
    <subfield code="p">43516</subfield>
    <subfield code="r">2026-04-24 09:26:26</subfield>
    <subfield code="s">2026-04-23</subfield>
    <subfield code="t">8</subfield>
    <subfield code="w">2020-12-07</subfield>
    <subfield code="y">BK</subfield>
    <subfield code="z">V</subfield>
  </datafield>
  <datafield tag="952" ind1=" " ind2=" ">
    <subfield code="0">0</subfield>
    <subfield code="1">0</subfield>
    <subfield code="2">ddc</subfield>
    <subfield code="4">0</subfield>
    <subfield code="7">0</subfield>
    <subfield code="8">TBPSC</subfield>
    <subfield code="a">MAIN</subfield>
    <subfield code="b">MAIN</subfield>
    <subfield code="c">EC#</subfield>
    <subfield code="d">2019-08-13</subfield>
    <subfield code="l">5</subfield>
    <subfield code="o">320.954 NAY</subfield>
    <subfield code="p">43517</subfield>
    <subfield code="r">2024-06-04 06:45:02</subfield>
    <subfield code="s">2024-05-20</subfield>
    <subfield code="t">9</subfield>
    <subfield code="w">2020-12-07</subfield>
    <subfield code="y">BK</subfield>
    <subfield code="z">V</subfield>
  </datafield>
  <datafield tag="952" ind1=" " ind2=" ">
    <subfield code="0">0</subfield>
    <subfield code="1">0</subfield>
    <subfield code="2">ddc</subfield>
    <subfield code="4">0</subfield>
    <subfield code="7">0</subfield>
    <subfield code="8">TBPSC</subfield>
    <subfield code="a">MAIN</subfield>
    <subfield code="b">MAIN</subfield>
    <subfield code="c">PS#</subfield>
    <subfield code="d">2019-08-13</subfield>
    <subfield code="l">8</subfield>
    <subfield code="m">1</subfield>
    <subfield code="o">320.954 NAY</subfield>
    <subfield code="p">43518</subfield>
    <subfield code="r">2026-03-11 07:38:59</subfield>
    <subfield code="s">2026-02-25</subfield>
    <subfield code="t">10</subfield>
    <subfield code="w">2020-12-07</subfield>
    <subfield code="y">BK</subfield>
    <subfield code="z">V</subfield>
  </datafield>
</record>
